000 00726cam a2200241 4500500
005 20260405002101.0
041 _afre
042 _adc
100 1 0 _aEltchaninoff, Michel
_eauthor
245 0 0 _aQui "fait le jeu" du Front national ? Et est-ce la bonne question ?
260 _c2015.
500 _a93
690 _aDiscours
690 _aFront National
690 _aKarl Popper
690 _aLaurent Joffrin
690 _aMédias
690 _aMichel Onfray
690 _aPolitique
690 _aRationalisme
786 0 _nPhilosophie magazine | 94 | 11 | 2015-11-01 | p. 6-6 | 1951-1787
856 4 1 _uhttps://shs.cairn.info/magazine-philosophie-magazine-2015-11-page-6?lang=fr&redirect-ssocas=7080
999 _c2054060
_d2054060